載入...

The Book of Shells

書目詳細資料
主要作者: Harasewych, M G
LEADER 00174 a2200097 4500
020
260
942 |c BB  |6 _ 
245 |a The Book of Shells 
100 |a Harasewych, M G 
999 |c 57809  |d 57809